000
00308nam a2200133Ia 4500
100
_a
Bell/David
942
_c
BK
654
_a
electronic
245
_a
Fundamentals of electronic devices
260
_b
D.B.Jaraporevala and Sons
_a
Mumbai
_c
1979
082
_a
621.38
_b
BEL
300
_a
467
546
_a
ENGLISH
999
_c
17823
_d
17823